000 00978nac a22002651u 4500
003 EG-ScBUE
005 20221207115642.0
008 221207s2006 vraabe f 001 0 eng d
020 _a1864701870 :
020 _a9781864701876
040 _aEG-ScBUE
_beng
_erda
_cEG-ScBUE
_dEG-ScBUE
082 0 4 _a725.560222
_bDES
_222
245 0 0 _aDesign for aging review /
_cThe American Institute of Architects Design for Aging Center.
250 _aEight edition.
264 1 _aMulgrave, Victoria :
_bImages Publishing Group,
_c2006.
300 _a159 pages :
_billustrations, maps, plans ;
_c31 cm
500 _aIncludes index.
650 7 _aOlder people
_zUnited States
_xDwellings.
_2BUEsh
650 7 _aOld age homes
_zUnited States
_xDesign and construction.
_2BUEsh
650 7 _aArchitecture
_xAwards
_zUnited States.
_2BUEsh
653 _bENGARC
655 _vReading book
710 2 _aAmerican Institute of Architects‏
_bDesign for Aging Center,
_econtributor.
942 _cBB
_2ddc
999 _c8665
_d8665